000 00780nmc a2200277 a 4500
003 AR-BaBNM
005 20251128211205.0
008 163020s2002 ||||||||||||||000 | spa||
020 _a950-808-356-5
040 _cAR-BaBNM
100 1 _aSuárez, Patricia
245 1 0 _aLa escritura literaria
_bcómo y qué leer para escribir
260 _aRosario
_bHomo Sapiens Ediciones
_c2002
300 0 _a105 p.
490 0 _aLeer y escribir +
500 0 _aContiene actividades de aprendizaje
650 4 _aLITERATURA DE FICCION
650 4 _aENSENANZA DE LA LECTURA
650 4 _aENSENANZA DE LA ESCRITURA
650 4 _aFORMACION DE DOCENTES
650 4 _aPROMOCION DE LA LECTURA
650 4 _aTALLERES
800 1 _aSilveyra, Carlos
942 _cBK
998 _calicia
999 _c18643
_d18643